[Event "Team Championship of Russia (rapid)"]
[Site "Sochi"]
[Date "2015.05.09"]
[Round "7.19"]
[White "Usmanov, Vasily"]
[Black "Krutko, Anatoly"]
[Result "1-0"]
[LiveChessVersion "1.4.4"]
[BlackElo "2486"]
[WhiteElo "2526"]

1. b3 {[%clk 0:15:19]} a5 {[%clk 0:15:17]} 2. Bb2 {[%clk 0:15:26]} a4
{[%clk 0:15:26]} 3. bxa4 {[%clk 0:15:32]} Nf6 {[%clk 0:15:28]} 4. Bxf6
{[%clk 0:15:39]} exf6 {[%clk 0:15:22]} 5. c4 {[%clk 0:15:44]} Bb4
{[%clk 0:15:10]} 6. a3 {[%clk 0:15:52]} Ba5 {[%clk 0:14:43]} 7. Nf3
{[%clk 0:15:58]} Na6 {[%clk 0:14:47]} 8. e3 {[%clk 0:15:57]} Nc5 {[%clk 0:14:55]}
9. Be2 {[%clk 0:15:54]} d6 {[%clk 0:14:31]} 10. O-O {[%clk 0:16:00]} Bd7
{[%clk 0:14:39]} 11. Qc2 {[%clk 0:15:35]} Bxa4 {[%clk 0:11:58]} 12. Qb2
{[%clk 0:15:43]} b6 {[%clk 0:10:48]} 13. Nc3 {[%clk 0:15:44]} Bxc3
{[%clk 0:10:54]} 14. Qxc3 {[%clk 0:15:50]} O-O {[%clk 0:11:02]} 15. Nd4
{[%clk 0:15:42]} Bd7 {[%clk 0:10:37]} 16. Bf3 {[%clk 0:15:48]} Ra5
{[%clk 0:10:38]} 17. Nc6 {[%clk 0:15:46]} Bxc6 {[%clk 0:10:46]} 18. Bxc6
{[%clk 0:15:54]} Qe7 {[%clk 0:10:38]} 19. d4 {[%clk 0:15:39]} Ne6
{[%clk 0:10:41]} 20. Rab1 {[%clk 0:15:25]} f5 {[%clk 0:10:31]} 21. g3
{[%clk 0:14:54]} Qf6 {[%clk 0:10:33]} 22. Rb5 {[%clk 0:14:47]} Ra7
{[%clk 0:10:14]} 23. Qd3 {[%clk 0:14:18]} g6 {[%clk 0:10:22]} 24. Rc1
{[%clk 0:13:37]} Kg7 {[%clk 0:10:28]} 25. Kg2 {[%clk 0:13:27]} h5
{[%clk 0:10:36]} 26. h4 {[%clk 0:13:02]} f4 {[%clk 0:09:38]} 27. Rd1
{[%clk 0:13:03]} fxe3 {[%clk 0:09:43]} 28. fxe3 {[%clk 0:13:11]} Nd8
{[%clk 0:09:29]} 29. Bf3 {[%clk 0:12:37]} Re8 {[%clk 0:09:38]} 30. c5
{[%clk 0:10:56]} bxc5 {[%clk 0:06:32]} 31. dxc5 {[%clk 0:11:04]} d5
{[%clk 0:05:02]} 32. Rb8 {[%clk 0:10:08]} c6 {[%clk 0:04:58]} 33. e4
{[%clk 0:10:12]} Qe5 {[%clk 0:04:42]} 34. Qd4 {[%clk 0:10:20]} Qxd4
{[%clk 0:02:49]} 35. Rxd4 {[%clk 0:10:28]} Ne6 {[%clk 0:02:59]} 36. Rxe8
{[%clk 0:10:24]} Nxd4 {[%clk 0:03:08]} 37. exd5 {[%clk 0:10:31]} Nxf3
{[%clk 0:03:07]} 38. Kxf3 {[%clk 0:10:38]} cxd5 {[%clk 0:02:46]} 39. Re3
{[%clk 0:09:56]} Kf6 {[%clk 0:02:54]} 40. Ke2 {[%clk 0:07:04]} d4
{[%clk 0:02:52]} 41. Rb3 {[%clk 0:06:55]} Ke5 {[%clk 0:02:46]} 42. c6
{[%clk 0:06:42]} Ke4 {[%clk 0:02:28]} 43. Rb7 {[%clk 0:06:39]} Rxa3
{[%clk 0:02:36]} 44. Re7+ {[%clk 0:06:48]} Kd5 {[%clk 0:02:42]} 45. c7
{[%clk 0:06:57]} Rc3 {[%clk 0:02:27]} 46. Rxf7 {[%clk 0:07:04]} Ke6
{[%clk 0:02:02]} 47. Rg7 {[%clk 0:06:51]} Kf6 {[%clk 0:01:53]} 48. Rd7
{[%clk 0:06:58]} Ke5 {[%clk 0:01:58]} 49. Kd2 {[%clk 0:07:02]} Ke4
{[%clk 0:01:59]} 50. Rg7 {[%clk 0:06:57]} Kf5 {[%clk 0:01:22]} 51. Rd7
{[%clk 0:06:57]} Ke4 {[%clk 0:00:44]} 52. Rg7 {[%clk 0:07:03]} Kf5
{[%clk 0:00:36]} 53. Rd7 {[%clk 0:07:11]} Ke5 {[%clk 0:00:42]} 54. Re7+
{[%clk 0:07:08]} Kf5 {[%clk 0:00:42]} 55. Rg7 {[%clk 0:07:14]} Kf6
{[%clk 0:00:38]} 56. Rd7 {[%clk 0:07:18]} Ke5 {[%clk 0:00:43]} 57. Re7+
{[%clk 0:07:25]} Kf5 {[%clk 0:00:49]} 58. Rd7 {[%clk 0:07:22]} Ke4
{[%clk 0:00:56]} 59. Rg7 {[%clk 0:07:24]} Rc6 {[%clk 0:01:04]} 60. Re7+
{[%clk 0:07:12]} Kf3 {[%clk 0:01:02]} 61. Kd3 {[%clk 0:07:22]} Kxg3
{[%clk 0:01:07]} 62. Kxd4 {[%clk 0:07:31]} Kxh4 {[%clk 0:01:04]} 63. Kd5
{[%clk 0:07:40]} Rxc7 {[%clk 0:00:41]} 64. Rxc7 {[%clk 0:07:49]} Kg3
{[%clk 0:00:40]} 65. Rc3+ {[%clk 0:07:30]} Kf4 {[%clk 0:00:31]} 66. Rc4+
{[%clk 0:07:35]} Kf5 {[%clk 0:00:13]} 67. Kd4 {[%clk 0:07:00]} Kf4
{[%clk 0:00:21]} 68. Kd3+ {[%clk 0:07:09]} Kf3 {[%clk 0:00:14]} 69. Kd2
{[%clk 0:07:11]} g5 {[%clk 0:00:14]} 70. Ke1 {[%clk 0:07:05]} Kg2
{[%clk 0:00:22]} 71. Rc5 {[%clk 0:07:12]} h4 {[%clk 0:00:29]} 72. Rxg5+
{[%clk 0:07:21]} Kh2 {[%clk 0:00:32]} 73. Kf2 {[%clk 0:07:29]} 1-0

[Event "Team Championship of Russia (rapid)"]
[Site "Sochi"]
[Date "2015.05.09"]
[Round "7.20"]
[White "Pogromsky, Mikhail"]
[Black "Palchun, Grigory"]
[Result "0-1"]
[LiveChessVersion "1.4.4"]
[BlackElo "2330"]
[WhiteElo "2428"]
[WhiteTeam "Polytechnic"]

1. Nf3 {[%clk 0:15:17]} Nf6 {[%clk 0:15:19]} 2. c4 {[%clk 0:15:24]} e6
{[%clk 0:15:28]} 3. g3 {[%clk 0:15:24]} b6 {[%clk 0:15:30]} 4. Bg2
{[%clk 0:15:30]} Bb7 {[%clk 0:15:39]} 5. O-O Be7 6. Nc3 {[%clk 0:15:31]} O-O
{[%clk 0:15:57]} 7. Re1 {[%clk 0:15:32]} d5 {[%clk 0:15:59]} 8. cxd5
{[%clk 0:15:37]} exd5 {[%clk 0:16:08]} 9. d4 {[%clk 0:15:46]} Nbd7
{[%clk 0:15:50]} 10. Bf4 {[%clk 0:15:42]} c6 {[%clk 0:15:59]} 11. Qc2
{[%clk 0:15:09]} Re8 {[%clk 0:16:02]} 12. Rad1 {[%clk 0:14:52]} Nf8
{[%clk 0:16:10]} 13. Ne5 {[%clk 0:14:32]} Ne6 {[%clk 0:16:16]} 14. Bc1
{[%clk 0:14:35]} Bf8 {[%clk 0:16:02]} 15. f4 {[%clk 0:14:20]} Rc8
{[%clk 0:14:56]} 16. Kh1 {[%clk 0:13:09]} Qc7 {[%clk 0:14:52]} 17. e4
{[%clk 0:11:34]} dxe4 {[%clk 0:14:56]} 18. Nxe4 {[%clk 0:11:43]} Nd5
{[%clk 0:14:01]} 19. a3 {[%clk 0:11:19]} Red8 {[%clk 0:12:35]} 20. b4
{[%clk 0:10:40]} c5 {[%clk 0:11:37]} 21. dxc5 {[%clk 0:09:22]} bxc5
{[%clk 0:11:40]} 22. bxc5 {[%clk 0:09:25]} Bxc5 {[%clk 0:10:31]} 23. Nxc5
{[%clk 0:08:58]} Qxc5 {[%clk 0:10:19]} 24. Qf5 {[%clk 0:08:29]} Rf8
{[%clk 0:07:31]} 25. Nd7 {[%clk 0:04:46]} Qf2 {[%clk 0:07:40]} 26. Bxd5
{[%clk 0:03:17]} Rc2 {[%clk 0:07:34]} 27. Qxc2 {[%clk 0:03:07]} Bxd5+
{[%clk 0:07:34]} 28. Rxd5 {[%clk 0:03:16]} Qxc2 {[%clk 0:07:34]} 29. Nxf8
{[%clk 0:03:12]} Qc6 {[%clk 0:07:31]} 30. Nxe6 {[%clk 0:03:14]} Qxd5+
{[%clk 0:07:36]} 31. Kg1 {[%clk 0:03:23]} fxe6 {[%clk 0:07:45]} 32. Be3
{[%clk 0:03:10]} Qa5 {[%clk 0:07:33]} 33. Bf2 {[%clk 0:03:10]} Qxa3
{[%clk 0:07:13]} 34. Rxe6 {[%clk 0:03:19]} a5 {[%clk 0:06:51]} 35. Re5
{[%clk 0:02:54]} a4 {[%clk 0:06:46]} 36. Bc5 {[%clk 0:03:03]} Qf3
{[%clk 0:06:11]} 37. Re1 {[%clk 0:01:43]} h5 {[%clk 0:05:58]} 38. Bd6
{[%clk 0:01:00]} Qc3 {[%clk 0:05:44]} 39. Re8+ {[%clk 0:00:35]} Kh7
{[%clk 0:05:53]} 40. Rd8 {[%clk 0:00:20]} Qb2 {[%clk 0:05:23]} 41. Be7
{[%clk 0:00:18]} a3 {[%clk 0:05:11]} 0-1

[Event "Team Championship of Russia (rapid)"]
[Site "Sochi"]
[Date "2015.05.09"]
[Round "7.21"]
[White "Bukavshin, Ivan"]
[Black "Potapov, Pavel"]
[Result "1-0"]
[LiveChessVersion "1.4.4"]
[BlackElo "2500"]
[WhiteElo "2667"]
[BlackTeam "Yamal"]
[WhiteTeam "Zhiguli"]

1. d4 {[%clk 0:15:19]} f5 {[%clk 0:15:19]} 2. c4 {[%clk 0:15:28]} Nf6
{[%clk 0:15:28]} 3. Nf3 {[%clk 0:15:36]} g6 {[%clk 0:15:37]} 4. g3
{[%clk 0:15:45]} Bg7 {[%clk 0:15:45]} 5. Bg2 {[%clk 0:15:54]} O-O
{[%clk 0:15:53]} 6. O-O {[%clk 0:16:02]} d6 {[%clk 0:16:01]} 7. Nc3
{[%clk 0:16:10]} c6 {[%clk 0:16:10]} 8. b4 {[%clk 0:16:14]} e5 {[%clk 0:12:41]}
9. dxe5 {[%clk 0:16:23]} dxe5 {[%clk 0:12:50]} 10. e4 {[%clk 0:16:32]} Qe7
{[%clk 0:11:15]} 11. Qb3 {[%clk 0:16:28]} f4 {[%clk 0:09:47]} 12. b5
{[%clk 0:15:58]} Bg4 {[%clk 0:06:12]} 13. a4 {[%clk 0:15:05]} Nbd7
{[%clk 0:05:52]} 14. Ba3 {[%clk 0:14:50]} c5 {[%clk 0:05:47]} 15. Rae1
{[%clk 0:14:37]} Bxf3 {[%clk 0:05:21]} 16. Bxf3 {[%clk 0:14:46]} g5
{[%clk 0:05:29]} 17. Nd5 {[%clk 0:14:46]} Qf7 {[%clk 0:05:19]} 18. Nxf6+
{[%clk 0:14:26]} Nxf6 {[%clk 0:05:28]} 19. Bxc5 {[%clk 0:14:29]} Rfc8
{[%clk 0:05:33]} 20. Bd6 {[%clk 0:14:34]} Qe6 {[%clk 0:04:48]} 21. Qa3
{[%clk 0:13:44]} Rxc4 {[%clk 0:04:18]} 22. Rc1 {[%clk 0:13:16]} Rxc1
{[%clk 0:04:18]} 23. Rxc1 {[%clk 0:13:24]} Kh8 {[%clk 0:03:58]} 24. Bg2
{[%clk 0:12:14]} Ne8 {[%clk 0:04:07]} 25. Bc5 {[%clk 0:11:48]} g4
{[%clk 0:04:07]} 26. Qd3 {[%clk 0:10:57]} Rc8 {[%clk 0:03:44]} 27. Ba3
{[%clk 0:10:47]} Rxc1+ {[%clk 0:03:31]} 28. Bxc1 {[%clk 0:10:56]} f3
{[%clk 0:03:38]} 29. Bf1 {[%clk 0:11:05]} Qd6 {[%clk 0:03:34]} 30. Qc3
{[%clk 0:10:48]} Qd7 {[%clk 0:02:59]} 31. Be3 {[%clk 0:10:52]} b6
{[%clk 0:02:59]} 32. a5 {[%clk 0:10:55]} Nd6 {[%clk 0:02:32]} 33. axb6
{[%clk 0:10:52]} axb6 {[%clk 0:02:36]} 34. Qc6 {[%clk 0:11:00]} Qxc6
{[%clk 0:01:41]} 35. bxc6 {[%clk 0:11:09]} Kg8 {[%clk 0:01:10]} 36. c7
{[%clk 0:11:11]} Kf7 {[%clk 0:01:10]} 37. Ba6 {[%clk 0:11:18]} 1-0

[Event "Team Championship of Russia (rapid)"]
[Site "Sochi"]
[Date "2015.05.09"]
[Round "7.22"]
[White "Belyakov, Bogdan"]
[Black "Frolyanov, Dmitry"]
[Result "0-1"]
[LiveChessVersion "1.4.4"]
[BlackElo "2614"]
[WhiteElo "2486"]

1. e4 {[%clk 0:15:16]} c5 {[%clk 0:15:18]} 2. c3 {[%clk 0:15:24]} Nf6
{[%clk 0:15:23]} 3. e5 {[%clk 0:15:31]} Nd5 {[%clk 0:15:30]} 4. Nf3
{[%clk 0:15:40]} e6 {[%clk 0:15:35]} 5. d4 {[%clk 0:15:16]} cxd4 {[%clk 0:15:43]}
6. cxd4 {[%clk 0:15:24]} d6 {[%clk 0:15:51]} 7. Bc4 {[%clk 0:13:18]} Nc6
{[%clk 0:15:54]} 8. O-O {[%clk 0:13:10]} Be7 {[%clk 0:16:00]} 9. Qe2
{[%clk 0:12:41]} O-O {[%clk 0:15:58]} 10. Nbd2 {[%clk 0:10:46]} dxe5
{[%clk 0:14:23]} 11. dxe5 {[%clk 0:10:46]} Na5 {[%clk 0:14:28]} 12. Bxd5
{[%clk 0:09:50]} Qxd5 {[%clk 0:14:28]} 13. Ne4 {[%clk 0:09:58]} Bd7
{[%clk 0:13:03]} 14. Rd1 {[%clk 0:09:54]} Qb5 {[%clk 0:13:05]} 15. Qe1
{[%clk 0:08:08]} Bc6 {[%clk 0:12:32]} 16. Bg5 {[%clk 0:06:15]} Bxg5
{[%clk 0:12:17]} 17. Nexg5 {[%clk 0:06:10]} h6 {[%clk 0:11:57]} 18. Ne4
{[%clk 0:06:16]} Qxb2 {[%clk 0:10:21]} 19. Nd6 {[%clk 0:03:11]} Bxf3
{[%clk 0:09:49]} 20. gxf3 {[%clk 0:03:20]} Nc6 {[%clk 0:09:37]} 21. f4
{[%clk 0:03:08]} f6 {[%clk 0:08:41]} 22. Rab1 {[%clk 0:03:14]} Qc2
{[%clk 0:08:34]} 23. Qe4 {[%clk 0:01:51]} Qxe4 {[%clk 0:08:40]} 24. Nxe4
{[%clk 0:02:00]} fxe5 {[%clk 0:08:48]} 25. Rxb7 {[%clk 0:02:05]} Rxf4
{[%clk 0:08:43]} 26. Rdd7 {[%clk 0:02:11]} Rg4+ {[%clk 0:06:19]} 27. Kf1
{[%clk 0:02:20]} Rd8 {[%clk 0:05:14]} 28. Rdc7 {[%clk 0:01:42]} Nd4
{[%clk 0:02:56]} 29. h3 {[%clk 0:01:36]} Rg6 {[%clk 0:02:41]} 30. a4
{[%clk 0:01:01]} a5 {[%clk 0:02:07]} 31. Rc5 {[%clk 0:00:34]} Nf3
{[%clk 0:02:15]} 32. Ke2 {[%clk 0:00:25]} Ng1+ {[%clk 0:02:19]} 33. Ke3
{[%clk 0:00:30]} Nxh3 {[%clk 0:01:51]} 34. Rxe5 {[%clk 0:00:32]} Rg1
{[%clk 0:01:52]} 35. Ke2 {[%clk 0:00:15]} Nf4+ {[%clk 0:01:55]} 36. Kf3
{[%clk 0:00:23]} Rf8 {[%clk 0:01:56]} 37. Rxa5 {[%clk 0:00:27]} Re1
{[%clk 0:01:32]} 38. Ng3 {[%clk 0:00:20]} Nd3+ {[%clk 0:00:58]} 39. Kg2
{[%clk 0:00:22]} Rxf2+ {[%clk 0:01:03]} 40. Kh3 {[%clk 0:00:31]} Nf4+
{[%clk 0:00:45]} 41. Kg4 {[%clk 0:00:39]} Ng6 {[%clk 0:00:22]} 42. Raa7
{[%clk 0:00:25]} Ne5+ {[%clk 0:00:31]} 43. Kh3 {[%clk 0:00:31]} Nf7
{[%clk 0:00:37]} 44. a5 {[%clk 0:00:16]} Re3 {[%clk 0:00:45]} 45. a6
{[%clk 0:00:22]} Rff3 {[%clk 0:00:47]} 46. Kh4 {[%clk 0:00:28]} Rxg3
{[%clk 0:00:43]} 47. Rxf7 {[%clk 0:00:33]} Rh3+ {[%clk 0:00:52]} 48. Kg4
{[%clk 0:00:38]} Reg3+ {[%clk 0:00:59]} 49. Kf4 {[%clk 0:00:48]} Rf3+
{[%clk 0:01:08]} 50. Kg4 {[%clk 0:00:49]} h5+ {[%clk 0:01:15]} 51. Kg5
{[%clk 0:00:57]} Rxf7 {[%clk 0:01:20]} 52. Ra8+ {[%clk 0:00:55]} Kh7
{[%clk 0:01:27]} 53. a7 {[%clk 0:00:56]} Rf5# {[%clk 0:01:33]} 0-1

[Event "Team Championship of Russia (rapid)"]
[Site "Sochi"]
[Date "2015.05.09"]
[Round "7.23"]
[White "Predke, Alexandr"]
[Black "Goryachkina, Aleksandra"]
[Result "1-0"]
[LiveChessVersion "1.4.4"]
[BlackElo "2428"]
[WhiteElo "2566"]
[BlackTeam "Yamal"]
[WhiteTeam "Zhiguli"]

1. e4 {[%clk 0:15:18]} e5 {[%clk 0:15:19]} 2. Nf3 {[%clk 0:15:26]} Nc6
{[%clk 0:15:27]} 3. Bb5 {[%clk 0:15:34]} Nf6 {[%clk 0:15:35]} 4. d3
{[%clk 0:15:42]} d6 {[%clk 0:15:39]} 5. c3 {[%clk 0:15:28]} Bd7 {[%clk 0:15:44]}
6. Nbd2 {[%clk 0:15:15]} a6 {[%clk 0:15:42]} 7. Ba4 {[%clk 0:15:24]} g6
{[%clk 0:15:45]} 8. Nf1 {[%clk 0:14:43]} Bg7 {[%clk 0:15:49]} 9. Ng3
{[%clk 0:14:49]} O-O {[%clk 0:15:48]} 10. O-O {[%clk 0:14:56]} b5
{[%clk 0:15:48]} 11. Bc2 {[%clk 0:14:55]} a5 {[%clk 0:15:51]} 12. a4
{[%clk 0:14:59]} b4 {[%clk 0:15:54]} 13. Bb3 {[%clk 0:15:04]} Rb8
{[%clk 0:15:32]} 14. h3 {[%clk 0:14:59]} Be6 {[%clk 0:15:11]} 15. Bxe6
{[%clk 0:15:04]} fxe6 {[%clk 0:15:20]} 16. Be3 {[%clk 0:15:05]} Qe7
{[%clk 0:14:56]} 17. d4 {[%clk 0:14:08]} bxc3 {[%clk 0:14:11]} 18. bxc3
{[%clk 0:14:16]} d5 {[%clk 0:13:27]} 19. Nxe5 {[%clk 0:14:01]} Nxe5
{[%clk 0:13:11]} 20. dxe5 {[%clk 0:14:09]} Nxe4 {[%clk 0:13:06]} 21. Nxe4
{[%clk 0:14:17]} dxe4 {[%clk 0:13:14]} 22. Qd4 {[%clk 0:14:25]} Rf5
{[%clk 0:13:09]} 23. Qa7 {[%clk 0:13:20]} Rd8 {[%clk 0:11:27]} 24. Qxa5
{[%clk 0:11:54]} Bxe5 {[%clk 0:11:30]} 25. Qa6 {[%clk 0:12:02]} Qd6
{[%clk 0:09:01]} 26. Qc4 {[%clk 0:07:37]} Qd5 {[%clk 0:09:06]} 27. Qe2
{[%clk 0:07:46]} Bd6 {[%clk 0:08:06]} 28. Qg4 {[%clk 0:03:59]} Kf7
{[%clk 0:05:09]} 29. a5 {[%clk 0:01:38]} h5 {[%clk 0:05:05]} 30. Qe2
{[%clk 0:01:46]} h4 {[%clk 0:04:35]} 31. Qg4 {[%clk 0:01:10]} Qe5
{[%clk 0:04:36]} 32. Rfd1 {[%clk 0:01:16]} Rb8 {[%clk 0:02:29]} 33. Rxd6
{[%clk 0:00:50]} cxd6 {[%clk 0:02:30]} 34. a6 {[%clk 0:00:59]} Qxc3
{[%clk 0:01:27]} 35. Rc1 {[%clk 0:01:07]} Qxc1+ {[%clk 0:00:28]} 36. Bxc1 Rb1 37.
Kh2 {[%clk 0:00:38]} Rxc1 {[%clk 0:00:31]} 38. Qxh4 {[%clk 0:00:46]} Rc8
{[%clk 0:00:21]} 39. Qxe4 {[%clk 0:00:23]} Rc7 {[%clk 0:00:14]} 40. Qb4
{[%clk 0:00:19]} Kg7 {[%clk 0:00:12]} 41. a7 {[%clk 0:00:15]} Rxa7
{[%clk 0:00:20]} 42. Qd4+ {[%clk 0:00:24]} e5 {[%clk 0:00:12]} 43. Qxa7+
{[%clk 0:00:33]} Kf6 {[%clk 0:00:19]} 44. Qd7 1-0

[Event "Team Championship of Russia (rapid)"]
[Site "Sochi"]
[Date "2015.05.09"]
[Round "7.24"]
[White "Savitskiy, Sergey"]
[Black "Brodsky, Michail"]
[Result "1/2-1/2"]
[LiveChessVersion "1.4.4"]
[BlackElo "2544"]
[WhiteElo "2438"]
[WhiteTeam "Yamal"]

1. e4 {[%clk 0:15:18]} c5 {[%clk 0:15:19]} 2. Nf3 {[%clk 0:15:27]} e6
{[%clk 0:15:28]} 3. d4 {[%clk 0:15:36]} cxd4 {[%clk 0:15:37]} 4. Nxd4
{[%clk 0:15:45]} a6 {[%clk 0:15:46]} 5. Nc3 {[%clk 0:15:54]} d6 {[%clk 0:15:55]}
6. f4 {[%clk 0:15:40]} b5 {[%clk 0:16:03]} 7. Bd3 {[%clk 0:15:50]} Bb7
{[%clk 0:16:12]} 8. Qe2 {[%clk 0:15:54]} Nd7 {[%clk 0:16:01]} 9. Bd2
{[%clk 0:07:08]} Nc5 {[%clk 0:15:12]} 10. a4 {[%clk 0:07:17]} bxa4
{[%clk 0:14:42]} 11. Nxa4 {[%clk 0:07:21]} Nxd3+ {[%clk 0:14:50]} 12. cxd3
{[%clk 0:07:25]} Nf6 {[%clk 0:14:57]} 13. Nb3 {[%clk 0:07:09]} Nd7
{[%clk 0:13:25]} 14. Na5 {[%clk 0:07:14]} Rb8 {[%clk 0:13:34]} 15. Nxb7
{[%clk 0:07:15]} Rxb7 {[%clk 0:13:43]} 16. O-O {[%clk 0:06:46]} Be7
{[%clk 0:13:51]} 17. f5 {[%clk 0:06:50]} e5 {[%clk 0:13:28]} 18. Be3
{[%clk 0:06:16]} d5 {[%clk 0:08:48]} 19. d4 {[%clk 0:05:04]} exd4
{[%clk 0:08:35]} 20. Bxd4 {[%clk 0:05:07]} O-O {[%clk 0:08:10]} 21. Nc3
{[%clk 0:02:51]} Rb4 {[%clk 0:06:46]} 22. Bf2 {[%clk 0:02:12]} dxe4
{[%clk 0:06:43]} 23. Rfd1 {[%clk 0:01:14]} Bf6 {[%clk 0:03:39]} 24. Rxa6
{[%clk 0:00:38]} Qc8 {[%clk 0:03:35]} 25. Nxe4 {[%clk 0:00:35]} Rxe4
{[%clk 0:02:48]} 26. Qxe4 {[%clk 0:00:42]} Qxa6 {[%clk 0:02:57]} 27. Rxd7
{[%clk 0:00:46]} Qa1+ {[%clk 0:03:04]} 28. Qe1 {[%clk 0:00:42]} Qxb2
{[%clk 0:03:05]} 29. h3 {[%clk 0:00:30]} h5 {[%clk 0:03:02]} 30. Qe4
{[%clk 0:00:19]} Qa1+ {[%clk 0:01:29]} 31. Kh2 {[%clk 0:00:28]} Be5+
{[%clk 0:01:09]} 32. g3 {[%clk 0:00:32]} Qa2 {[%clk 0:01:04]} 33. Kg2
{[%clk 0:00:37]} Bf6 {[%clk 0:01:12]} 34. Ra7 {[%clk 0:00:36]} Qb2
{[%clk 0:00:47]} 35. Rb7 {[%clk 0:00:42]} Qd2 {[%clk 0:00:46]} 36. Rb3
{[%clk 0:00:36]} Rc8 {[%clk 0:00:47]} 37. Qf3 {[%clk 0:00:32]} Qa2
{[%clk 0:00:47]} 38. Re3 {[%clk 0:00:34]} h4 {[%clk 0:00:53]} 39. Re2
{[%clk 0:00:40]} Qc4 {[%clk 0:00:58]} 40. g4 {[%clk 0:00:38]} Rd8
{[%clk 0:01:04]} 41. Re4 {[%clk 0:00:38]} Qc2 {[%clk 0:00:54]} 42. Re2
{[%clk 0:00:47]} Qb1 {[%clk 0:00:51]} 43. Qe4 {[%clk 0:00:50]} Qd1
{[%clk 0:00:55]} 44. Ra2 {[%clk 0:00:51]} Bg5 {[%clk 0:00:27]} 45. Ra8
{[%clk 0:00:53]} Qd7 {[%clk 0:00:29]} 46. Rxd8+ {[%clk 0:00:59]} Qxd8 47. Qc6
{[%clk 0:00:47]} Qb8 {[%clk 0:00:42]} 48. Qd5 {[%clk 0:00:49]} Qc8
{[%clk 0:00:48]} 49. Qe4 {[%clk 0:00:41]} 1/2-1/2

[Event "Team Championship of Russia (rapid)"]
[Site "Sochi"]
[Date "2015.05.09"]
[Round "7.25"]
[White "Demidov, Mikhail"]
[Black "Panarin, Mikhail"]
[Result "1-0"]
[LiveChessVersion "1.4.4"]
[BlackElo "2642"]
[WhiteElo "2493"]
[WhiteTeam "Boavishta"]

1. d4 {[%clk 0:15:19]} Nf6 {[%clk 0:15:18]} 2. Nc3 {[%clk 0:15:25]} d5
{[%clk 0:15:25]} 3. Bf4 {[%clk 0:15:24]} e6 {[%clk 0:15:33]} 4. e3
{[%clk 0:15:33]} Bb4 {[%clk 0:15:18]} 5. Bd3 {[%clk 0:15:34]} c5 {[%clk 0:14:55]}
6. dxc5 {[%clk 0:15:35]} Nbd7 {[%clk 0:14:35]} 7. Nge2 {[%clk 0:15:39]} O-O
{[%clk 0:13:56]} 8. O-O {[%clk 0:15:36]} Nxc5 {[%clk 0:13:34]} 9. Rc1
{[%clk 0:14:47]} Bd7 {[%clk 0:13:02]} 10. a3 {[%clk 0:14:51]} Nxd3
{[%clk 0:13:07]} 11. cxd3 {[%clk 0:14:57]} Be7 {[%clk 0:13:05]} 12. Qb3
{[%clk 0:15:03]} Qb6 {[%clk 0:11:31]} 13. Qxb6 {[%clk 0:15:09]} axb6
{[%clk 0:11:40]} 14. Nd4 {[%clk 0:13:11]} Rfc8 {[%clk 0:11:36]} 15. h3
{[%clk 0:13:18]} Ne8 {[%clk 0:11:20]} 16. Bg3 {[%clk 0:11:57]} f6
{[%clk 0:10:39]} 17. Rc2 {[%clk 0:11:27]} e5 {[%clk 0:08:21]} 18. Nxd5
{[%clk 0:10:45]} Bd8 {[%clk 0:08:38]} 19. Rxc8 {[%clk 0:10:28]} Rxc8
{[%clk 0:08:38]} 20. Nf3 {[%clk 0:09:40]} Bb5 {[%clk 0:06:33]} 21. Rd1
{[%clk 0:09:29]} Rc2 {[%clk 0:06:19]} 22. Nc3 {[%clk 0:09:22]} Ba6
{[%clk 0:04:34]} 23. d4 exd4 24. Nxd4 {[%clk 0:08:23]} Rxb2 {[%clk 0:04:43]} 25.
Nf5 {[%clk 0:07:42]} Bc7 26. Bxc7 {[%clk 0:07:45]} Nxc7 {[%clk 0:04:54]} 27. Rd7
{[%clk 0:06:55]} Ne8 {[%clk 0:03:21]} 28. Nd5 Kf8 29. Nf4 {[%clk 0:04:57]} Bc4
{[%clk 0:03:29]} 30. Rxb7 {[%clk 0:04:52]} b5 {[%clk 0:02:17]} 31. Nd4 g5
{[%clk 0:01:45]} 32. Nfe6+ {[%clk 0:04:56]} Kg8 {[%clk 0:01:44]} 33. Re7
{[%clk 0:05:05]} Nd6 {[%clk 0:01:19]} 34. Rd7 {[%clk 0:05:18]} Kh8
{[%clk 0:01:35]} 1-0